Osmolyte-induced water deficit stress mitigation during panicle initiation stage in aman rice / (Record no. 16304)

MARC details
000 -LEADER
fixed length control field 01156nam a22002897a 4500
001 - CONTROL NUMBER
control field BD-DhSAU 9278
003 - CONTROL NUMBER IDENTIFIER
control field BD-DhSAU
005 - DATE AND TIME OF LATEST TRANSACTION
control field 20221207101322.0
008 - FIXED-LENGTH DATA ELEMENTS--GENERAL INFORMATION
fixed length control field 150613b2018 bg a|||| m||| 00| 0 eng d
040 ## - CATALOGING SOURCE
Original cataloging agency BD-DhSAU
082 ## - DEWEY DECIMAL CLASSIFICATION NUMBER
Edition number 22
Classification number 630
Item number Is43
100 ## - MAIN ENTRY--PERSONAL NAME
Personal name ISLAM, MD. NURJAMAL
Relator term Registration # 18-09193
245 ## - TITLE STATEMENT
Title Osmolyte-induced water deficit stress mitigation during panicle initiation stage in aman rice /
Remainder of title MS thesis
260 ## - PUBLICATION, DISTRIBUTION, ETC. (IMPRINT)
Place of publication, distribution, etc. Sher-e-Bangla Agricultural University :
Name of publisher, distributor, etc. Department of Agronomy,
Date of publication, distribution, etc. 2020
300 ## - PHYSICAL DESCRIPTION
Extent xiv, 101p. :
Other physical details ill. ;
Dimensions 30 cm.
500 ## - GENERAL NOTE
General note MS thesis of Department of Agonomy, Faculty of Agriculture, Sher-e-Bangla Agricultural University, Dhaka, Bangladesh
504 ## - BIBLIOGRAPHY, ETC. NOTE
Bibliography, etc Includes bibliographical reference.
590 ## - Name of Cataloguer
Name of Cataloger Nazmul
650 ## - SUBJECT ADDED ENTRY--TOPICAL TERM
Topical term or geographic name as entry element osmolyte-induced water
650 ## - SUBJECT ADDED ENTRY--TOPICAL TERM
Topical term or geographic name as entry element deficit stress mitigation
651 ## - SUBJECT ADDED ENTRY--GEOGRAPHIC NAME
Geographic name panicle initiation
654 ## - SUBJECT ADDED ENTRY--FACETED TOPICAL TERM
Focus term aman rice
700 ## - ADDED ENTRY--PERSONAL NAME
Personal name Prof. Dr. Mirza Hasanuzzaman
Relator term Superviser
700 ## - ADDED ENTRY--PERSONAL NAME
Personal name Prof. Dr. Md. Abdullahil Baque
Relator term Co-superviser
856 ## - ELECTRONIC LOCATION AND ACCESS
Uniform Resource Identifier <a href="http://archive.saulibrary.edu.bd:8080/xmlui/handle/123456789/4547">http://archive.saulibrary.edu.bd:8080/xmlui/handle/123456789/4547</a>
942 ## - ADDED ENTRY ELEMENTS (KOHA)
Source of classification or shelving scheme Dewey Decimal Classification
Koha item type MS Level Thesis
Holdings
Withdrawn status Lost status Source of classification or shelving scheme Damaged status Not for loan Collection code Home library Branch Name Date acquired Total Checkouts Full call number Barcode Date last seen Price effective from Koha item type
    Dewey Decimal Classification   Not For Loan Reference SAU Library SAU Library 07/12/2022   630 Is43 44138 07/12/2022 07/12/2022 MS Level Thesis